| 000 | 00407nam a2200133Ia 4500 | ||
|---|---|---|---|
| 008 | 211119s9999||||xx |||||||||||||| ||und|| | ||
| 082 |
_a894.8123 _bSAN-A |
||
| 100 | _aSanthosh Kumar, E | ||
| 245 | 0 | _aAndhakaranazhi | |
| 260 |
_bMathrubhumi Books _a2011 _cKottayam |
||
| 300 | _a463p | ||
| 650 |
_aMalayalam Literature _vMlayalam FictionMalayalam NovelsShort StoriesMalayalam _xGeneral Stack |
||
| 942 | _cBOOK | ||
| 999 |
_c113825 _d113825 |
||